[Event "Bayern-ch (Women) 89th"]
[Site "Bad Kissingen"]
[Date "2018.09.01"]
[Round "9"]
[White "Mehling, Katharina"]
[Black "Walter, Gabriele"]
[Result "1-0"]
[WhiteElo "1920"]
[BlackElo "1575"]
[PlyCount "63"]
[EventDate "2018.08.26"]
[EventType "swiss"]
[EventRounds "9"]
[EventCountry "GER"]
[SourceTitle "EXT 2020"]
[Source "ChessBase"]
[SourceDate "2019.10.17"]
[SourceVersion "1"]
[SourceVersionDate "2019.10.17"]
[SourceQuality "1"]

1. e4 c5 2. Nf3 Nc6 3. d4 cxd4 4. Nxd4 g6 5. Nc3 Bg7 6. Be3 Nf6 7. Bc4 Qa5 8. 0-0 0-0 9. Bb3 a6 10. f4 e6 11. e5 Ne8 12. Na4 d6 13. Nxc6 bxc6 14. Bb6 Qb4 15. a3 Qb5 16. c4 Qxb6+ 17. Nxb6 Rb8 18. Nxc8 Rxc8 19. exd6 Rb8 20. Rb1 Nf6 21. Ba4 c5 22. Qf3 Rb6 23. Rfd1 Rd8 24. d7 Nh5 25. g4 Bd4+ 26. Rxd4 cxd4 27. gxh5 Rd6 28. c5 Rd5 29. c6 Rc5 30. h6 f5 31. Qd3 Kf7 32. Qxd4 1-0

[Event "Bayern-ch (Women) 89th"]
[Site "Bad Kissingen"]
[Date "2018.08.30"]
[Round "7"]
[White "Walter, Gabriele"]
[Black "Ludwig, Ines"]
[Result "1-0"]
[WhiteElo "1575"]
[BlackElo "1651"]
[PlyCount "109"]
[EventDate "2018.08.26"]
[EventType "swiss"]
[EventRounds "9"]
[EventCountry "GER"]
[SourceTitle "EXT 2020"]
[Source "ChessBase"]
[SourceDate "2019.10.17"]
[SourceVersion "1"]
[SourceVersionDate "2019.10.17"]
[SourceQuality "1"]

1. c4 e6 2. g3 d5 3. Bg2 c6 4. b3 f5 5. Bb2 Nf6 6. Nf3 Bd6 7. 0-0 Nbd7 8. d3 0-0 9. Re1 Bc7 10. Nbd2 e5 11. e4 fxe4 12. dxe4 d4 13. Ng5 Re8 14. Bh3 Nc5 15. Bg2 Nd3 16. Qc2 Nxe1 17. Rxe1 c5 18. Rf1 h6 19. Nh3 Ng4 20. Qd3 Rf8 21. Ba3 b6 22. b4 Bd6 23. b5 Be6 24. Bc1 Be7 25. f4 Bd7 26. fxe5 Nxe5 27. Qe2 Bg4 28. Nf3 Nxf3+ 29. Bxf3 Bxh3 30. Rf2 Rc8 31. Qd3 Bg5 32. Bd2 Qf6 33. e5 Qe6 34. Bd5 Rce8 35. Bxe6+ Rxe6 36. Bxg5 hxg5 37. Qe4 Rd8 38. g4 Bxg4 39. Qxg4 Rxe5 40. Rd2 Kf7 41. Kg2 Kg6 42. Rd3 Rde8 43. Rd2 Re4 44. Qg3 R8e5 45. Qf3 g4 46. Qa3 Re7 47. Qg3 Kh5 48. Rf2 g5 49. Qb8 Rh7 50. Qg8 Ree7 51. Rf5 Reg7 52. Qe8+ Rg6 53. Kg3 Kh6 54. Kxg4 Rd6 55. Qf8+ 1-0

[Event "Mittelfranken-ch QT 66th"]
[Site "Uttenreuth"]
[Date "2017.04.15"]
[Round "7"]
[White "Walter, Gabriele"]
[Black "Diebel, Guenter"]
[Result "1-0"]
[WhiteElo "1552"]
[BlackElo "1874"]
[PlyCount "47"]
[EventDate "2017.04.12"]
[EventType "swiss"]
[EventRounds "7"]
[EventCountry "GER"]
[SourceTitle "EXT 2020"]
[Source "ChessBase"]
[SourceDate "2019.10.17"]
[SourceVersion "1"]
[SourceVersionDate "2019.10.17"]
[SourceQuality "1"]

1. c4 g6 2. g3 Bg7 3. Bg2 c6 4. Nc3 d6 5. e3 e5 6. Nge2 Be6 7. b3 Qd7 8. 0-0 Bh3 9. Bb2 Bxg2 10. Kxg2 h5 11. h4 g5 12. Rh1 Bf6 13. Ne4 Be7 14. hxg5 Qf5 15. N2c3 Bxg5 16. Rxh5 Qg6 17. Rxh8 Kf8 18. Qg4 f6 19. Nxg5 Qxg5 20. Qxg5 fxg5 21. Ne4 Kg7 22. Rah1 Nd7 23. Nxd6 b6 24. R1h7+ 1-0

[Event "Mittelfranken-ch QT 66th"]
[Site "Uttenreuth"]
[Date "2017.04.13"]
[Round "4"]
[White "Walter, Gabriele"]
[Black "Rummel, Gerald"]
[Result "0-1"]
[WhiteElo "1552"]
[BlackElo "1772"]
[PlyCount "86"]
[EventDate "2017.04.12"]
[EventType "swiss"]
[EventRounds "7"]
[EventCountry "GER"]
[SourceTitle "EXT 2020"]
[Source "ChessBase"]
[SourceDate "2019.10.17"]
[SourceVersion "1"]
[SourceVersionDate "2019.10.17"]
[SourceQuality "1"]

1. c4 Nf6 2. g3 e5 3. Bg2 Nc6 4. Nc3 Bb4 5. e3 Bxc3 6. bxc3 0-0 7. Ne2 d6 8. 0-0 Be6 9. d3 e4 10. Nf4 Bg4 11. Qc2 exd3 12. Qxd3 Ne5 13. Qc2 Bf3 14. Qb3 Bxg2 15. Kxg2 b6 16. Nd5 Ne4 17. Qc2 Nc5 18. Qe2 Re8 19. e4 Ned3 20. f3 Nxc1 21. Raxc1 f5 22. Qc2 fxe4 23. fxe4 Nd7 24. Rce1 Ne5 25. Qb3 Kh8 26. Re2 Qd7 27. Ref2 c6 28. Ne3 Qe6 29. Qa4 Kg8 30. Rd2 Qh6 31. Rf4 Ng6 32. Nf5 Nxf4+ 33. gxf4 Qxf4 34. Nxd6 Qxd2+ 35. Kf3 Qxd6 36. Qb3 Rf8+ 37. Ke3 Qc5+ 38. Kd2 Rad8+ 39. Kc1 Rf1+ 40. Kb2 Rd2+ 41. Qc2 Rxc2+ 42. Kxc2 Qxc4 43. e5 Rf2+ 0-1

[Event "Seebach op 23rd"]
[Site "Grossenseebach"]
[Date "2012.06.10"]
[Round "7"]
[White "Tschammer, Kai"]
[Black "Walter, Gabriele"]
[Result "1-0"]
[WhiteElo "1358"]
[BlackElo "1015"]
[PlyCount "57"]
[EventDate "2012.06.07"]
[EventType "swiss"]
[EventRounds "7"]
[EventCountry "GER"]
[SourceTitle "EXT 2013"]
[Source "ChessBase"]
[SourceDate "2012.11.22"]
[SourceVersion "1"]
[SourceVersionDate "2012.11.22"]
[SourceQuality "1"]

1. e4 c5 2. Nc3 Nc6 3. Bc4 g6 4. f4 Bg7 5. d3 d6 6. Nf3 Rb8 7. a4 Bg4 8. 0-0 Bxf3 9. Qxf3 Nf6 10. Bd2 0-0 11. f5 Ne5 12. Qf4 Nxc4 13. dxc4 Nd7 14. Qg3 Nb6 15. b3 e6 16. Rf3 exf5 17. exf5 d5 18. Rd1 dxc4 19. f6 Bxf6 20. Bh6 Re8 21. Rxd8 Rbxd8 22. Rxf6 Rd2 23. Rxf7 Rxc2 24. Rg7+ Kh8 25. Ne4 cxb3 26. Qxb3 Re2 27. Rg8+ Rxg8 28. Qc3+ Rg7 29. Qxg7# 1-0

[Event "Nuremberg Zabo op 12th"]
[Site "Nuremberg"]
[Date "2010.09.18"]
[Round "3"]
[White "Forche, Peter"]
[Black "Walter, Gabriele"]
[Result "1-0"]
[WhiteElo "1377"]
[BlackElo "902"]
[PlyCount "123"]
[EventDate "2010.09.17"]
[EventType "swiss"]
[EventRounds "5"]
[EventCountry "GER"]
[SourceTitle "EXT 2011"]
[Source "ChessBase"]
[SourceDate "2010.11.26"]
[SourceVersion "1"]
[SourceVersionDate "2010.11.26"]
[SourceQuality "1"]

1. d4 d6 2. e4 Nf6 3. Nc3 e5 4. Nf3 exd4 5. Nxd4 Be7 6. Be2 0-0 7. Be3 c5 8. Nf3 Be6 9. Qd2 Nfd7 10. 0-0 Nc6 11. Rfd1 Nb6 12. Nd5 Qd7 13. Nxe7+ Nxe7 14. Qxd6 Qxd6 15. Rxd6 Na4 16. b3 Nc3 17. Bd3 Nc8 18. Rxe6 fxe6 19. Bd2 c4 20. bxc4 Na4 21. Rb1 Nc5 22. Bb4 b6 23. Bxc5 bxc5 24. Rb5 Nd6 25. Rxc5 Rab8 26. h3 Rfc8 27. Rxc8+ Rxc8 28. Ne5 Nf7 29. Nxf7 Kxf7 30. e5 Rb8 31. f4 Rb2 32. Kf2 Rxa2 33. c5 Ke7 34. c6 Kd8 35. g4 g6 36. Ke3 Ra5 37. Kd4 Kc7 38. Be4 Ra4+ 39. c4 a5 40. Kc5 Ra3 41. f5 gxf5 42. gxf5 exf5 43. Bxf5 Rxh3 44. Bxh3 a4 45. Kb4 Kxc6 46. e6 Kd6 47. Kxa4 h5 48. Kb5 h4 49. Kb6 Ke7 50. c5 Ke8 51. Kb7 Ke7 52. c6 Ke8 53. c7 Ke7 54. c8Q Kf6 55. Qc5 Kg6 56. Qf5+ Kh6 57. Qg4 Kh7 58. Qg5 Kh8 59. e7 Kh7 60. Bf5+ Kh8 61. Qf6+ Kg8 62. e8Q# 1-0

[Event "Nuremberg Zabo op 12th"]
[Site "Nuremberg"]
[Date "2010.09.17"]
[Round "1"]
[White "Keller, Gerhard"]
[Black "Walter, Gabriele"]
[Result "1-0"]
[WhiteElo "1807"]
[BlackElo "902"]
[PlyCount "71"]
[EventDate "2010.09.17"]
[EventType "swiss"]
[EventRounds "5"]
[EventCountry "GER"]
[SourceTitle "EXT 2011"]
[Source "ChessBase"]
[SourceDate "2010.11.26"]
[SourceVersion "1"]
[SourceVersionDate "2010.11.26"]
[SourceQuality "1"]

1. Nf3 c5 2. c4 d6 3. g3 b6 4. Bg2 Bb7 5. 0-0 Nf6 6. Nc3 e6 7. d3 Be7 8. e4 0-0 9. Qe2 Nbd7 10. Bf4 a6 11. Rfe1 Qc7 12. h3 Rac8 13. g4 e5 14. Be3 Rfe8 15. Rad1 Qb8 16. Nh2 Qa8 17. g5 Bc6 18. gxf6 Nxf6 19. Ng4 b5 20. b3 b4 21. Nxf6+ Bxf6 22. Nb1 a5 23. Nd2 a4 24. Nf3 h6 25. Nh2 Bd7 26. Qh5 Kf8 27. Ng4 Ke7 28. Nxf6 Kxf6 29. f4 Rh8 30. Qh4+ g5 31. fxg5+ hxg5 32. Qxg5+ Ke6 33. Rf1 Bc6 34. Qf6+ Kd7 35. Qxf7+ Kd8 36. Bg5# 1-0